| 000 | 02260nam a2200385 i 4500 | ||
|---|---|---|---|
| 001 | ebr10839249 | ||
| 003 | CaPaEBR | ||
| 006 | m o d | ||
| 007 | cr cn||||||||| | ||
| 008 | 130621t20142014njuad o 001 0 eng|d | ||
| 020 | _z9781118449745 (hardback) | ||
| 020 | _a9781118755716 (e-book) | ||
| 040 |
_aCaPaEBR _beng _erda _epn _cCaPaEBR |
||
| 035 | _a(OCoLC)849822746 | ||
| 050 | 1 | 4 |
_aQC760.54 _b.D86 2014eb |
| 082 | 0 | 4 |
_a537/.20151 _223 |
| 100 | 1 |
_aDworsky, Lawrence N., _d1943- |
|
| 245 | 1 | 0 |
_aIntroduction to numerical electrostatics using MATLAB / _cLawrence N. Dworsky. |
| 264 | 1 |
_aHoboken, New Jersey : _bJohn Wiley & Sons Inc., _c[2014] |
|
| 264 | 4 | _c�2014 | |
| 300 |
_a1 online resource (454 pages) : _billustrations (some color) |
||
| 336 |
_atext _2rdacontent |
||
| 337 |
_acomputer _2rdamedia |
||
| 338 |
_aonline resource _2rdacarrier |
||
| 500 | _aIncludes index. | ||
| 520 |
_a"The first of its kind uniquely devoted to the field of computational electrostatics, this book dives headfirst into the actual problems that engineers are expected to solve using method of moment (MoM), finite difference, and finite element techniques. Readers are guided step by step through specific problems and challenges, covering all aspects of electrostatics with an emphasis on numerical procedures. Focusing on practical examples, mathematical equations, and common issues with algorithms, this is an ideal text for students in engineering, physics, and electrostatics--and working engineers and physicists"-- _cProvided by publisher. |
||
| 588 | _aDescription based on print version record. | ||
| 590 | _aElectronic reproduction. Palo Alto, Calif. : ebrary, 2015. Available via World Wide Web. Access may be limited to ebrary affiliated libraries. | ||
| 650 | 0 |
_aElectromagnetism _xData processing. |
|
| 650 | 0 |
_aElectrostatics _xData processing. |
|
| 655 | 0 | _aElectronic books. | |
| 776 | 0 | 8 |
_iPrint version: _aDworsky, Lawrence N. _tIntroduction to numerical electrostatics using MATLAB. _dHoboken, New Jersey : John Wiley & Sons Inc., [2014] _z9781118449745 _w(DLC)10839249 |
| 797 | 2 | _aebrary. | |
| 856 | 4 | 0 |
_uhttp://site.ebrary.com/lib/rucke/Doc?id=10839249 _zAn electronic book accessible through the World Wide Web; click to view |
| 999 |
_c94939 _d94939 |
||